| 000 | 00331nam a2200121Ia 4500 | ||
|---|---|---|---|
| 008 | 230907s9999||||xx |||||||||||||| ||und|| | ||
| 082 |
_a658.1511 _bCRO |
||
| 100 |
_aCrosson, Susan V. _9115654 |
||
| 245 | 0 | _aManagerial accounting / | |
| 260 |
_aSouth-Western/Cengage Learning, _bMason, OH : _c2014 |
||
| 300 | _ap. cm. | ||
| 942 | _cBK | ||
| 999 |
_c599070 _d599070 |
||